NBA Top 5 Playoff Points Every Year since 2000 - Statistics

General Stats
  • This quiz has been taken 52 times
  • The average score is 120 of 131
Answer Stats
Year Team Player % Correct
2021: 1 Bucks Giannis Antetokounmpo
100%
2024: 3 Celtics Jayson Tatum
100%
2023: 3 Celtics Jayson Tatum
100%
2022: 1 Celtics Jayson Tatum
100%
2019: 1 Raptors Kawhi Leonard
100%
2018: 2 Warriors Kevin Durant
100%
2017: 4 Warriors Kevin Durant
100%
2016: 4 Thunder Kevin Durant
100%
2014: 1 Thunder Kevin Durant
100%
2012: 2 Thunder Kevin Durant
100%
2011: 4 Thunder Kevin Durant
100%
2019: 4 Warriors Klay Thompson
100%
2018: 4 Warriors Klay Thompson
100%
2016: 1 Warriors Klay Thompson
100%
2015: 4 Warriors Klay Thompson
100%
2020: 2 Lakers LeBron James
100%
2018: 1 Cavaliers LeBron James
100%
2017: 1 Cavaliers LeBron James
100%
2016: 2 Cavaliers LeBron James
100%
2015: 1 Cavaliers LeBron James
100%
2014: 2 Heat LeBron James
100%
2013: 1 Heat LeBron James
100%
2012: 1 Heat LeBron James
100%
2011: 3 Heat LeBron James
100%
2009: 2 Cavaliers LeBron James
100%
2007: 1 Cavaliers LeBron James
100%
2024: 1 Mavericks Luka Dončić
100%
2022: 4 Mavericks Luka Dončić
100%
2023: 1 Nuggets Nikola Jokić
100%
2020: 5 Nuggets Nikola Jokić
100%
2025: 1 Thunder Shai Gilgeous-Alexander
100%
2022: 2 Warriors Steph Curry
100%
2019: 2 Warriors Steph Curry
100%
2018: 5 Warriors Steph Curry
100%
2017: 2 Warriors Steph Curry
100%
2015: 2 Warriors Steph Curry
100%
2020: 1 Lakers Anthony Davis
98%
2019: 5 Trail Blazers Damian Lillard
98%
2018: 3 Rockets James Harden
98%
2015: 3 Rockets James Harden
98%
2024: 4 Celtics Jaylen Brown
98%
2023: 5 Celtics Jaylen Brown
98%
2022: 3 Celtics Jaylen Brown
98%
2010: 1 Lakers Kobe Bryant
98%
2009: 1 Lakers Kobe Bryant
98%
2008: 1 Lakers Kobe Bryant
98%
2004: 1 Lakers Kobe Bryant
98%
2003: 5 Lakers Kobe Bryant
98%
2002: 2 Lakers Kobe Bryant
98%
2001: 3 Lakers Kobe Bryant
98%
2000: 4 Lakers Kobe Bryant
98%
2024: 2 Mavericks Kyrie Irving
98%
2017: 3 Cavaliers Kyrie Irving
98%
2016: 3 Cavaliers Kyrie Irving
98%
2016: 5 Thunder Russell Westbrook
98%
2014: 3 Thunder Russell Westbrook
98%
2012: 4 Thunder Russell Westbrook
98%
2006: 3 Heat Shaquille O'Neal
98%
2004: 3 Lakers Shaquille O'Neal
98%
2002: 1 Lakers Shaquille O'Neal
98%
2001: 2 Lakers Shaquille O'Neal
98%
2000: 1 Lakers Shaquille O'Neal
98%
2013: 3 Spurs Tim Duncan
98%
2007: 2 Spurs Tim Duncan
98%
2005: 1 Spurs Tim Duncan
98%
2003: 1 Spurs Tim Duncan
98%
2021: 5 Hawks Trae Young
98%
2025: 5 Pacers Tyrese Haliburton
98%
2024: 5 Timberwolves Anthony Edwards
95%
2021: 2 Suns Devin Booker
95%
2011: 1 Mavericks Dirk Nowitzki
95%
2006: 2 Mavericks Dirk Nowitzki
95%
2003: 2 Mavericks Dirk Nowitzki
95%
2013: 5 Heat Dwyane Wade
95%
2012: 3 Heat Dwyane Wade
95%
2011: 2 Heat Dwyane Wade
95%
2006: 1 Heat Dwyane Wade
95%
2025: 2 Knicks Jalen Brunson
95%
2025: 3 Thunder Jalen Williams
95%
2023: 2 Heat Jimmy Butler
95%
2022: 5 Heat Jimmy Butler
95%
2020: 4 Heat Jimmy Butler
95%
2012: 5 Celtics Kevin Garnett
95%
2008: 2 Celtics Kevin Garnett
95%
2004: 4 Timberwolves Kevin Garnett
95%
2025: 4 Pacers Pascal Siakam
95%
2019: 3 Raptors Pascal Siakam
95%
2010: 2 Celtics Paul Pierce
95%
2008: 3 Celtics Paul Pierce
95%
2002: 3 Celtics Paul Pierce
95%
2010: 4 Celtics Ray Allen
95%
2008: 4 Celtics Ray Allen
95%
2001: 4 Bucks Ray Allen
95%
2023: 4 Nuggets Jamal Murray
93%
2020: 3 Nuggets Jamal Murray
93%
2001: 1 76ers Allen Iverson
90%
2011: 5 Bulls Derrick Rose
90%
2009: 3 Magic Dwight Howard
90%
2000: 3 Pacers Jalen Rose
90%
2003: 3 Nets Jason Kidd
90%
2002: 4 Nets Jason Kidd
90%
2017: 5 Wizards John Wall
90%
2006: 5 Suns Steve Nash
90%
2014: 5 Spurs Tony Parker
90%
2013: 2 Spurs Tony Parker
90%
2008: 5 Spurs Tony Parker
90%
2007: 3 Spurs Tony Parker
90%
2015: 5 Clippers Blake Griffin
88%
2021: 3 Bucks Khris Middleton
88%
2009: 5 Nuggets Carmelo Anthony
85%
2005: 4 Pistons Chauncey Billups
85%
2004: 5 Pistons Chauncey Billups
85%
2010: 3 Lakers Pau Gasol
85%
2021: 4 Clippers Paul George
85%
2014: 4 Pacers Paul George
85%
2013: 4 Pacers Paul George
85%
2007: 5 Spurs Manu Ginóbili
83%
2005: 3 Spurs Manu Ginóbili
83%
2010: 5 Celtics Rajon Rondo
78%
2000: 2 Pacers Reggie Miller
78%
2005: 5 Suns Amar'e Stoudemire
68%
2002: 5 Kings Chris Webber
65%
2005: 2 Pistons Richard Hamilton
60%
2004: 2 Pistons Richard Hamilton
60%
2006: 5 Suns Shawn Marion
58%
2006: 4 Mavericks Jason Terry
48%
2001: 5 Bucks Glenn Robinson
43%
2000: 5 Knicks Latrell Sprewell
40%
2007: 4 Jazz Carlos Boozer
35%
2009: 4 Magic Rashard Lewis
30%
2003: 4 Mavericks Nick Van Exel
5%
No matching quizzes found
Score Distribution
Percent of People with Each Score
Percentile by Number Answered
Your Score History
You have not taken this quiz